[Event "SR 3. liga A2 2018/2019"]
[Site "?"]
[Date "2018.10.07"]
[Round "1.2"]
[White "Rachela, Jozef"]
[Black "Sekera, Branislav"]
[Result "1-0"]
[WhiteElo "2020"]
[BlackElo "2082"]
[PlyCount "79"]
[EventDate "2018.??.??"]

1. Nf3 d5 2. g3 Nf6 3. c4 c6 4. cxd5 Nxd5 5. Bg2 Bg4 6. O-O Qc8 7. Re1 h5 8. d4
Bxf3 9. Bxf3 h4 10. e4 Nb6 11. Bg4 Qd8 12. Nc3 hxg3 13. hxg3 e6 14. d5 e5 15.
Be3 Na6 16. Qe2 Bc5 17. Bxc5 Nxc5 18. Red1 Qf6 19. Kg2 Rd8 20. Rac1 Qe7 21. b4
Ncd7 22. b5 cxd5 23. exd5 Nf6 24. Bf3 O-O 25. a4 Nc8 26. Rh1 Nd6 27. Ne4 Nfxe4
28. Bxe4 f5 29. Bb1 Rf6 30. Rh4 e4 31. Rch1 Kf7 32. Rh8 Rxh8 33. Rxh8 Rg6 34.
Qe3 Qe5 35. Rh4 b6 36. Bd3 Qxd5 37. Be2 Rf6 38. Kh2 Ke6 39. Rh7 Kf7 40. Qg5 {
padol cas} 1-0

[Event "SR 3. liga A2 2018/2019"]
[Site "?"]
[Date "2018.10.07"]
[Round "1.2"]
[White "Kozinka, Roman"]
[Black "Viczencz, Peter"]
[Result "1/2-1/2"]
[WhiteElo "1993"]
[BlackElo "1958"]
[PlyCount "47"]
[EventDate "2018.??.??"]

1. d4 c5 2. d5 d6 3. e4 Nf6 4. Nc3 g6 5. Bb5+ Nbd7 6. a4 a6 7. Be2 b6 8. Nf3
Bg7 9. O-O O-O 10. Bf4 Qc7 11. Qd2 Re8 12. Bh6 Bh8 13. Ng5 Bb7 14. f4 e6 15.
dxe6 fxe6 16. Bc4 d5 17. exd5 Nxd5 18. Nxd5 Bxd5 19. Qxd5 Bd4+ 20. Kh1 exd5 21.
Bxd5+ Kh8 22. Nf7+ Kg8 23. Ng5+ Kh8 24. Nf7+ 1/2-1/2

[Event "SR 3. liga A2 2018/2019"]
[Site "?"]
[Date "2018.10.07"]
[Round "1.2"]
[White "Rachela, Robert"]
[Black "Slaba, Andrea"]
[Result "1-0"]
[WhiteElo "1907"]
[BlackElo "1932"]
[PlyCount "63"]
[EventDate "2018.??.??"]

1. e4 b6 2. d4 Bb7 3. d5 Nf6 4. f3 e6 5. c4 Nxe4 6. g3 Bb4+ 7. Nd2 Nxd2 8. Bxd2
Qe7 9. dxe6 Bxd2+ 10. Qxd2 Qxe6+ 11. Be2 Nc6 12. O-O-O O-O-O 13. h4 Rhe8 14.
Rh2 Ne5 15. Qc2 Qg6 16. Qxg6 hxg6 17. f4 Nc6 18. Nf3 Re3 19. a3 Rde8 20. Rd2
Na5 21. Rf2 Nb3+ 22. Kc2 Nxd2 23. Kxd2 Rxe2+ 24. Rxe2 Bxf3 25. Rxe8+ Kb7 26.
Re7 d5 27. Rxf7 dxc4 28. Rxg7 Be4 29. g4 Kc6 30. Kc3 Bd3 31. h5 gxh5 32. gxh5
1-0

[Event "SR 3. liga A2 2018/2019"]
[Site "?"]
[Date "2018.10.07"]
[Round "1.2"]
[White "Capanda, Jan"]
[Black "Mezes, Kristof"]
[Result "1-0"]
[WhiteElo "1871"]
[BlackElo "1623"]
[PlyCount "75"]
[EventDate "2018.??.??"]

1. e4 e6 2. f4 d5 3. e5 c5 4. Nf3 Nc6 5. Be2 Nge7 6. O-O Nf5 7. Nc3 Be7 8. a3
a6 9. Rb1 O-O 10. Qe1 b5 11. Nd1 Qb6 12. g4 Nfd4 13. Ne3 Bb7 14. Bd1 Nxf3+ 15.
Rxf3 d4 16. Ng2 Na7 17. Rh3 f6 18. Qh4 h6 19. exf6 Rxf6 20. d3 Raf8 21. g5 Rf5
22. Bg4 Rd5 23. Bd2 Bc8 24. Qh5 e5 25. gxh6 gxh6 26. Rg3 Kh7 27. Bf3 exf4 28.
Be4+ Bf5 29. Nxf4 Bxe4 30. Nxd5 Bxd5 31. Qxd5 Qf6 32. Qg2 Bd6 33. Rh3 Bf4 34.
Bxf4 Qxf4 35. Rf1 Qxf1+ 36. Qxf1 Rxf1+ 37. Kxf1 Nc6 38. Rh5 1-0

[Event "SR 3. liga A2 2018/2019"]
[Site "?"]
[Date "2018.10.07"]
[Round "1.2"]
[White "Minarik, Jozef"]
[Black "Lopatievov, Alexander"]
[Result "1/2-1/2"]
[WhiteElo "1475"]
[BlackElo "1834"]
[PlyCount "86"]
[EventDate "2018.??.??"]

1. e4 c6 2. d4 d5 3. Nc3 dxe4 4. Nxe4 Bf5 5. Ng3 Bg6 6. Nf3 Nf6 7. Bd3 Bxd3 8.
Qxd3 e6 9. O-O Bd6 10. Re1 O-O 11. Bg5 Nbd7 12. Ne4 Be7 13. Bf4 Nxe4 14. Qxe4
Nf6 15. Qe2 Qb6 16. c3 a5 17. Ne5 Rfd8 18. Nxf7 Kxf7 19. Qxe6+ Kg6 20. Qxe7 Re8
21. Qa3 Qb5 22. Qb3 Qf5 23. Bg3 b5 24. Qd1 Rxe1+ 25. Qxe1 Re8 26. Qd2 Qe4 27.
f3 Qe2 28. Rd1 Nd5 29. Be5 Qc4 30. Qd3+ Qxd3 31. Rxd3 a4 32. Kf2 Nb6 33. b3
axb3 34. axb3 Ra8 35. f4 Ra3 36. Rg3+ Kf5 37. Rxg7 Rxb3 38. g4+ Ke4 39. Re7 Nd5
40. Re6 Rxc3 41. Bd6+ Kd3 42. f5 Rc2+ 43. Kg3 Kxd4 1/2-1/2

[Event "SR 3. liga A2 2018/2019"]
[Site "?"]
[Date "2018.10.07"]
[Round "1.3"]
[White "Cajka, Tibor"]
[Black "Kolenak, Matus"]
[Result "1-0"]
[WhiteElo "2094"]
[BlackElo "1973"]
[PlyCount "85"]
[EventDate "2018.??.??"]

1. e4 c5 2. Nf3 Nc6 3. d4 cxd4 4. Nxd4 a6 5. c4 d6 6. Nc3 Nf6 7. Be2 e6 8. Bf3
Ne5 9. Be2 Qc7 10. Qb3 Be7 11. O-O O-O 12. Bf4 Bd7 13. Rac1 Rac8 14. Rfd1 Rfd8
15. Nf3 Bc6 16. Be3 Ned7 17. Qc2 Nc5 18. Ng5 h6 19. b4 hxg5 20. bxc5 dxc5 21.
Bxg5 Rxd1+ 22. Rxd1 Nxe4 23. Nxe4 Bxe4 24. Qxe4 Bxg5 25. Rb1 b6 26. h4 Bf6 27.
h5 Rd8 28. Bd3 Kf8 29. Rb3 Rd4 30. Qa8+ Qd8 31. Qf3 b5 32. Qg3 Bh4 33. Qf3 bxc4
34. Rb7 Bf6 35. Bc2 Rd7 36. Rxd7 Qxd7 37. h6 Qd8 38. h7 g5 39. Qc6 Kg7 40. Qxc5
c3 41. a4 a5 42. g3 Qd2 43. h8=Q+ 1-0

[Event "SR 3. liga A2 2018/2019"]
[Site "?"]
[Date "2018.10.07"]
[Round "1.3"]
[White "Bahna, Jan"]
[Black "Ocko, Martin"]
[Result "1/2-1/2"]
[WhiteElo "1820"]
[BlackElo "2007"]
[PlyCount "61"]
[EventDate "2018.??.??"]

1. e4 c5 2. Nc3 Nc6 3. g3 g6 4. Bg2 Bg7 5. d3 d6 6. Nge2 h5 7. h3 Nd4 8. Be3 e6
9. Qd2 Ne7 10. Nd1 Nxe2 11. Qxe2 Bd7 12. c3 Bc6 13. O-O O-O 14. Qd2 Kh7 15. Kh2
f5 16. f4 b6 17. Bg1 Rc8 18. Ne3 e5 19. Nd5 Nxd5 20. exd5 Bd7 21. Be3 h4 22.
gxh4 Qxh4 23. Qf2 Qxf2 24. Rxf2 Rfe8 25. h4 exf4 26. Bxf4 Be5 27. Kg3 Re7 28.
Kf3 Bxf4 29. Kxf4 Kh6 30. Bf3 Rce8 31. Rg1 1/2-1/2

[Event "SR 3. liga A2 2018/2019"]
[Site "?"]
[Date "2018.10.07"]
[Round "1.3"]
[White "Pericka, Tomas"]
[Black "Krist, Milan"]
[Result "1-0"]
[WhiteElo "1943"]
[BlackElo "1803"]
[PlyCount "61"]
[EventDate "2018.??.??"]

1. e4 e6 2. Qe2 g6 3. Nf3 Bg7 4. d4 c6 5. Nc3 b6 6. Bg5 Bf6 7. Bxf6 Nxf6 8. e5
Nd5 9. Ne4 b5 10. Nd6+ Kf8 11. Qd2 Kg7 12. h4 h6 13. Bd3 Ba6 14. b4 c5 15. dxc5
Nc6 16. c3 Qc7 17. a4 Nce7 18. axb5 Bb7 19. c4 Nxb4 20. Qxb4 Bxf3 21. gxf3 Rhb8
22. Be4 a5 23. Qd2 Qxc5 24. Qf4 Nf5 25. Bxf5 exf5 26. Nxf5+ gxf5 27. Rg1+ Kf8
28. Qxh6+ Ke7 29. Qf6+ Kf8 30. Rg7 Qe7 31. Rg8+ 1-0

[Event "SR 3. liga A2 2018/2019"]
[Site "?"]
[Date "2018.10.07"]
[Round "1.3"]
[White "Puskas, Miroslav"]
[Black "Jarabek, Milan"]
[Result "0-1"]
[WhiteElo "1898"]
[BlackElo "1750"]
[PlyCount "48"]
[EventDate "2018.??.??"]

1. e4 c5 2. Nf3 d6 3. Bc4 e6 4. Nc3 Nf6 5. d3 Nc6 6. O-O a6 7. a4 Be7 8. Be3 d5
9. exd5 exd5 10. Bb3 d4 11. Bd2 dxc3 12. bxc3 O-O 13. h3 Qc7 14. Re1 b6 15. Ng5
Bb7 16. Re3 Bd6 17. Ne4 Nxe4 18. Rxe4 Ne5 19. Rh4 Ng6 20. Rh5 Bf4 21. Be3 Bxe3
22. fxe3 Qg3 23. Qe2 Rae8 24. e4 Nf4 0-1

[Event "SR 3. liga A2 2018/2019"]
[Site "?"]
[Date "2018.10.07"]
[Round "1.3"]
[White "Diviak, Rudolf"]
[Black "Suchan, Jozef"]
[Result "1/2-1/2"]
[WhiteElo "1730"]
[BlackElo "1764"]
[PlyCount "86"]
[EventDate "2018.??.??"]

1. e4 e5 2. Nf3 Nc6 3. Bc4 Nf6 4. d3 Bc5 5. c3 h6 6. Bb3 d6 7. O-O O-O 8. Nbd2
Bg4 9. Nc4 d5 10. exd5 Nxd5 11. Ne3 Nxe3 12. Bxe3 Bb6 13. Qe2 Re8 14. Rad1 Na5
15. Bc2 Qf6 16. Rd2 Bxf3 17. Qxf3 Qxf3 18. gxf3 Re6 19. f4 exf4 20. Bxf4 Rae8
21. Ba4 Nc6 22. d4 Re2 23. Bb5 Rxd2 24. Bxd2 Re6 25. Re1 Ne7 26. Bc4 Rxe1+ 27.
Bxe1 c6 28. f3 Nf5 29. Bf2 Bc7 30. Bd3 Ne7 31. Bg3 Bd8 32. c4 f6 33. Bd6 Kf7
34. Kf2 Nc8 35. Bb8 g6 36. c5 f5 37. Bc4+ Ke7 38. Ke3 g5 39. h3 Kf6 40. Be5+
Kg6 41. Be6 Ne7 42. Bb8 a5 43. Bd6 Nd5+ 1/2-1/2

[Event "SR 3. liga A2 2018/2019"]
[Site "?"]
[Date "2018.10.07"]
[Round "1.3"]
[White "Drahos, Miroslav"]
[Black "Pericka, Pavol"]
[Result "1/2-1/2"]
[WhiteElo "1704"]
[BlackElo "1790"]
[PlyCount "52"]
[EventDate "2018.??.??"]

1. e4 e5 2. Nf3 Nc6 3. Bb5 a6 4. Ba4 Be7 5. O-O Nf6 6. Re1 O-O 7. c3 d5 8. Bxc6
bxc6 9. Nxe5 Bd6 10. d4 Bxe5 11. dxe5 Nxe4 12. Nd2 Nc5 13. Qc2 Re8 14. h3 Qh4
15. Nf3 Qh5 16. Qe2 f6 17. Bf4 Bd7 18. Kh2 Ne4 19. exf6 Nxf6 20. Ne5 Qf5 21.
Qf3 Nh5 22. Nxd7 Qxf4+ 23. Qxf4 Nxf4 24. Nc5 a5 25. g3 Ng6 26. Kg2 Ne5 1/2-1/2

[Event "SR 3. liga A2 2018/2019"]
[Site "?"]
[Date "2018.10.07"]
[Round "1.3"]
[White "Sadlon, Matus"]
[Black "Jancik, Ondrej"]
[Result "1-0"]
[WhiteElo "1681"]
[BlackElo "1637"]
[PlyCount "97"]
[EventDate "2018.??.??"]

1. e4 c5 2. Nf3 d6 3. c3 Nf6 4. Qc2 Nc6 5. d4 cxd4 6. cxd4 g6 7. Nc3 Bg7 8. Bb5
Bd7 9. O-O O-O 10. Bxc6 bxc6 11. Be3 Qa5 12. h3 Rfc8 13. Ne2 Rab8 14. Ng3 Nh5
15. Bd2 Qb5 16. b3 Nxg3 17. fxg3 c5 18. Rae1 cxd4 19. Qb1 Rb7 20. Ng5 Be8 21.
Qd1 h6 22. Nf3 Rbc7 23. Nh4 Rc2 24. Rf2 d3 25. Kh2 e6 26. Ref1 g5 27. Qg4 Qd7
28. Nf3 Rxa2 29. Nxg5 hxg5 30. Bxg5 Rxf2 31. Rxf2 e5 32. Rf5 Qe6 33. Bf6 Qxf6
34. Rxf6 Rc1 35. Rf2 Bb5 36. h4 a6 37. h5 Kf8 38. Qg5 Bh8 39. h6 Rc2 40. Rxc2
dxc2 41. Qd8+ Be8 42. Qxd6+ Kg8 43. Qd2 Kh7 44. g4 Bb5 45. Qxc2 Kxh6 46. Qf2
Kg7 47. g5 Kf8 48. g6 f6 49. Qa7 1-0

[Event "SR 3. liga A2 2018/2019"]
[Site "?"]
[Date "2018.10.07"]
[Round "1.4"]
[White "Stetina, Erik"]
[Black "Banas, Jan"]
[Result "0-1"]
[WhiteElo "2015"]
[BlackElo "2214"]
[PlyCount "62"]
[EventDate "2018.??.??"]

1. e4 c5 2. d4 cxd4 3. c3 Nf6 4. e5 Nd5 5. cxd4 d6 6. Bc4 e6 7. Nf3 Nb6 8. Bd3
Nc6 9. a3 Nd7 10. Qe2 dxe5 11. dxe5 Ndxe5 12. Nxe5 Qa5+ 13. Nc3 Qxe5 14. Be3
Bd7 15. Rd1 Be7 16. f4 Qa5 17. O-O Rd8 18. b4 Qc7 19. f5 Qe5 20. Ne4 exf5 21.
Qf2 O-O 22. Ng3 Be6 23. Bxf5 Rxd1 24. Rxd1 Bh4 25. Bc2 a6 26. Bc5 Re8 27. Bd6
Qc3 28. Qe2 Bxg3 29. Bxg3 Nd4 30. Bxh7+ Kxh7 31. Qe4+ Nf5 0-1

[Event "SR 3. liga A2 2018/2019"]
[Site "?"]
[Date "2018.10.07"]
[Round "1.4"]
[White "Liptak, Tomas"]
[Black "Szitkey, Milan"]
[Result "0-1"]
[WhiteElo "2210"]
[BlackElo "2070"]
[PlyCount "54"]
[EventDate "2018.??.??"]

1. e4 e6 2. d4 d5 3. e5 c5 4. c3 Nc6 5. Nf3 f6 6. Bf4 Bd7 7. Qd2 Qb6 8. Bd3
cxd4 9. cxd4 fxe5 10. Bxe5 Nf6 11. O-O Be7 12. Nc3 O-O 13. Rac1 Rac8 14. Rfe1
Na5 15. Re2 Nc4 16. Qc2 h6 17. h3 Nxe5 18. Nxe5 Qxd4 19. Nxd7 Nxd7 20. Rxe6 Bc5
21. Re2 Nf6 22. Rd1 Qh4 23. Bf5 Rc6 24. Qd3 Rd6 25. Nb5 Rdd8 26. g3 Qh5 27. Nc7
Ne4 {biely Time} 0-1

[Event "SR 3. liga A2 2018/2019"]
[Site "?"]
[Date "2018.10.07"]
[Round "1.4"]
[White "Puskar, David"]
[Black "Liptak, Dusan"]
[Result "1/2-1/2"]
[WhiteElo "1818"]
[BlackElo "2140"]
[PlyCount "92"]
[EventDate "2018.??.??"]

1. c4 Nf6 2. Nc3 g6 3. g3 Bg7 4. Bg2 d6 5. d4 c6 6. e3 Nbd7 7. Nge2 O-O 8. O-O
e5 9. d5 c5 10. Rb1 Nh5 11. a3 f5 12. f4 e4 13. b3 a6 14. Bb2 g5 15. fxg5 Qxg5
16. Nf4 Ndf6 17. Nce2 Ng4 18. Qd2 Bd7 19. Bxg7 Nxg7 20. h3 Ne5 21. Kh2 b5 22.
Ne6 Bxe6 23. dxe6 Nd3 24. Nf4 Nxf4 25. gxf4 Qe7 26. Rg1 Rab8 27. Bf1 b4 28.
axb4 Rxb4 29. Be2 Qxe6 30. Rg3 Rf6 31. Rbg1 Rg6 32. Rxg6 hxg6 33. Qa2 Kh7 34.
Rg2 Qf6 35. Bd1 Rb6 36. Qa5 Qd8 37. Qa4 d5 38. cxd5 Qxd5 39. Bc2 Qc6 40. Qc4
Rb4 41. Qc3 Rb6 42. Bd1 Qb5 43. Qe1 Rd6 44. Qh4+ Kg8 45. Be2 Qxb3 46. Qe7 Rc6
1/2-1/2

[Event "SR 3. liga A2 2018/2019"]
[Site "?"]
[Date "2018.10.07"]
[Round "1.4"]
[White "Kovacocy, Pavol"]
[Black "Holicky, Miroslav"]
[Result "1-0"]
[WhiteElo "2256"]
[BlackElo "1739"]
[PlyCount "54"]
[EventDate "2018.??.??"]

1. e4 d5 2. exd5 Qxd5 3. Nf3 Nf6 4. d4 Bf5 5. c4 Qd6 6. Nc3 a6 7. Be2 Nc6 8. c5
Qd8 9. d5 Nb8 10. Qb3 Qc8 11. Ne5 Nfd7 12. c6 bxc6 13. Nxf7 Kxf7 14. dxc6+ e6
15. cxd7 Nxd7 16. Be3 Rb8 17. Qa4 Rxb2 18. Bxa6 Qd8 19. Rd1 Bd6 20. O-O Bc2 21.
Qd4 Bxd1 22. Rxd1 Nf6 23. Bc4 Rb8 24. Ne4 Nxe4 25. Qxe4 Bxh2+ 26. Kxh2 Qf6 27.
Bg5 Qf5 1-0

[Event "SR 3. liga A2 2018/2019"]
[Site "?"]
[Date "2018.10.07"]
[Round "1.4"]
[White "Babirat, Michal"]
[Black "Sarmir, Milos"]
[Result "1/2-1/2"]
[WhiteElo "1834"]
[BlackElo "2076"]
[PlyCount "84"]
[EventDate "2018.??.??"]

1. c4 Nf6 2. Nc3 c6 3. Nf3 d5 4. d4 e6 5. Bg5 Be7 6. e3 Nbd7 7. cxd5 cxd5 8.
Bd3 h6 9. Bh4 O-O 10. O-O a6 11. Qb3 b5 12. a3 Bb7 13. Rfc1 Rc8 14. Na2 Qb6 15.
Rxc8 Rxc8 16. Rc1 Rxc1+ 17. Nxc1 g5 18. Bg3 Nh5 19. Ne5 Nxe5 20. Bxe5 f6 21.
Bg3 Nxg3 22. hxg3 Kg7 23. Qc2 Qc6 24. Qd2 Bc8 25. Be2 Bd6 26. Nd3 Qc7 27. b4
Kg6 28. Nc5 h5 29. a4 Bxc5 30. dxc5 Bd7 31. axb5 axb5 32. Qa2 Bc6 33. Qa6 Qd7
34. Qb6 e5 35. Qb8 Qe8 36. Qd6 Qd7 37. Qb8 Qe8 38. Qc7 Qd7 39. Qb8 g4 40. Qg8+
Kh6 41. Qh8+ Kg6 42. Qg8+ Kh6 1/2-1/2

[Event "SR 3. liga A2 2018/2019"]
[Site "?"]
[Date "2018.10.07"]
[Round "1.4"]
[White "Vagovsky, Jozef"]
[Black "Sottnik, Filip"]
[Result "1/2-1/2"]
[WhiteElo "1782"]
[BlackElo "1702"]
[PlyCount "45"]
[EventDate "2018.??.??"]

1. d4 Nf6 2. c4 e6 3. Nf3 Be7 4. Nc3 O-O 5. Bg5 Ne8 6. Bxe7 Qxe7 7. e4 b6 8.
Bd3 Bb7 9. O-O c5 10. d5 d6 11. Qd2 Nd7 12. Rad1 a6 13. Rfe1 h6 14. e5 Nxe5 15.
Nxe5 dxe5 16. Rxe5 Qc7 17. Qe1 exd5 18. Nxd5 Bxd5 19. Rxd5 Nf6 20. Rd6 Rfe8 21.
Qf1 Kf8 22. Bf5 Rad8 23. Rxd8 1/2-1/2

[Event "SR 3. liga A2 2018/2019"]
[Site "?"]
[Date "2018.10.07"]
[Round "1.4"]
[White "Ganz, Marek"]
[Black "Markuliak, Mario"]
[Result "1-0"]
[WhiteElo "1652"]
[BlackElo "1845"]
[PlyCount "119"]
[EventDate "2018.??.??"]

1. e4 e5 2. Nf3 d6 3. Bc4 Be7 4. d3 Nf6 5. h3 O-O 6. Be3 c6 7. Bb3 Nbd7 8. c3
Qc7 9. Nbd2 d5 10. exd5 cxd5 11. O-O Nc5 12. Bc2 Ne6 13. d4 e4 14. Ne5 Bd6 15.
f4 Nd7 16. Qh5 g6 17. Qh4 Ng7 18. Bb3 Nf5 19. Qe1 Nb6 20. Rc1 Be7 21. Bf2 e3
22. Bxe3 Bh4 23. Bf2 Bxf2+ 24. Qxf2 f6 25. Nd3 Re8 26. Rce1 Bd7 27. Rxe8+ Rxe8
28. Re1 Rxe1+ 29. Qxe1 Bb5 30. Nb4 Qxf4 31. Bxd5+ Nxd5 32. Nxd5 Qd6 33. Ne4 Qd8
34. Ndxf6+ Kf7 35. Nxh7 Kg7 36. Nhg5 Qe7 37. b3 Bc6 38. Kf2 Qa3 39. Qe2 Qc1 40.
Ne6+ Kh6 41. g4 Ng7 42. Nxg7 Qf4+ 43. Qf3 Qh2+ 44. Ke3 Qg1+ 45. Kd3 Qb1+ 46.
Ke3 Qc1+ 47. Kf2 Qc2+ 48. Qe2 Qxe2+ 49. Kxe2 Bxe4 50. Ne6 g5 51. Kf2 Bb1 52. a3
Ba2 53. Nc5 b6 54. Ne4 Bxb3 55. Ke3 Bc4 56. Ng3 Bd5 57. Nf5+ Kh7 58. Kf2 Be4
59. Kg3 b5 60. h4 1-0

[Event "SR 3. liga A2 2018/2019"]
[Site "?"]
[Date "2018.10.07"]
[Round "1.4"]
[White "Vlkovic, Pavol"]
[Black "Lackovic, Marek"]
[Result "1-0"]
[WhiteElo "1824"]
[BlackElo "1625"]
[PlyCount "55"]
[EventDate "2018.??.??"]

1. e4 c5 2. Nf3 Nc6 3. c3 d6 4. h3 Nf6 5. Bd3 e6 6. Bc2 Be7 7. d3 Qc7 8. Qe2 b6
9. O-O Bb7 10. Re1 h6 11. Nbd2 O-O-O 12. Nf1 g5 13. N3h2 Rdg8 14. Bd2 Ne5 15.
d4 Ng6 16. g3 Kb8 17. d5 Bc8 18. Ne3 Ne5 19. Qf1 h5 20. a4 Qd7 21. a5 b5 22. a6
Bd8 23. Ra3 Bb6 24. Rea1 c4 25. b3 exd5 26. exd5 Bxe3 27. Bxe3 Nxd5 28. Be4 1-0

[Event "SR 3. liga A2 2018/2019"]
[Site "?"]
[Date "2018.10.07"]
[Round "1.5"]
[White "Sebesta, Radovan"]
[Black "Provaznik, Michal"]
[Result "0-1"]
[WhiteElo "1999"]
[BlackElo "2193"]
[PlyCount "66"]
[EventDate "2018.??.??"]

1. d4 Nf6 2. c4 e6 3. Nc3 Bb4 4. e3 b6 5. Nf3 O-O 6. Qc2 Bb7 7. Be2 Ne4 8. O-O
Bxc3 9. bxc3 f5 10. Rd1 d6 11. a4 a5 12. Rb1 Qe7 13. Ba3 Nd7 14. Bd3 c5 15. Nd2
Nef6 16. e4 e5 17. exf5 e4 18. Bf1 Rae8 19. Re1 Qf7 20. h3 Qh5 21. d5 Qxf5 22.
Nb3 Bc8 23. Bc1 Ne5 24. Be3 Qg6 25. Kh1 Qh5 26. Nd2 Nf3 27. Rec1 Re5 28. Rxb6
Nh4 29. Bf4 Ng4 30. Bxe5 Nxf2+ 31. Kg1 Qxe5 32. Rb8 Qg3 33. Nxe4 Nf3# 0-1

[Event "SR 3. liga A2 2018/2019"]
[Site "?"]
[Date "2018.10.07"]
[Round "1.5"]
[White "Sobek, Michal"]
[Black "Palka, Martin"]
[Result "1-0"]
[WhiteElo "2012"]
[BlackElo "1854"]
[PlyCount "69"]
[EventDate "2018.??.??"]

1. e4 c5 2. Nf3 Nc6 3. d4 cxd4 4. Nxd4 e6 5. Nc3 Qc7 6. a3 a6 7. Be3 Nf6 8. Be2
Be7 9. Qd2 O-O 10. f4 d6 11. Bf3 Re8 12. O-O-O Rb8 13. Rhe1 Na5 14. g4 Nc4 15.
Qd3 Nxe3 16. Qxe3 g6 17. Kb1 Bf8 18. e5 dxe5 19. fxe5 Nd7 20. Bg2 Bg7 21. Nf3
b5 22. Qd4 a5 23. Ne4 Nxe5 24. Nd6 Nxf3 25. Qxg7+ Kxg7 26. Nxe8+ Kf8 27. Nxc7
Nxe1 28. Rxe1 Bb7 29. Bxb7 Rxb7 30. Na6 Rd7 31. Nc5 Rd4 32. h3 Ke7 33. Nb3 Ra4
34. c3 h5 35. Nd4 1-0

[Event "SR 3. liga A2 2018/2019"]
[Site "?"]
[Date "2018.10.07"]
[Round "1.5"]
[White "Lanik, Miroslav"]
[Black "Sefcik, Marek"]
[Result "1/2-1/2"]
[WhiteElo "1850"]
[BlackElo "2027"]
[PlyCount "82"]
[EventDate "2018.??.??"]

1. e4 c5 2. Nf3 e6 3. d4 cxd4 4. Nxd4 Bc5 5. Nb3 Bb6 6. Nc3 Ne7 7. Qe2 O-O 8.
Be3 f5 9. f3 fxe4 10. fxe4 Nbc6 11. O-O-O Ne5 12. h3 N7g6 13. Nd4 Qh4 14. Nf3
Bxe3+ 15. Qxe3 Qg3 16. Ne2 Rxf3 17. gxf3 Qxf3 18. Qxf3 Nxf3 19. Nd4 Nfe5 20.
Nb5 Kf8 21. Bd3 Ke7 22. Rhf1 a6 23. Nd4 b5 24. Nf3 Bb7 25. Nxe5 Nxe5 26. Rf2
Rf8 27. Rdf1 Rxf2 28. Rxf2 g5 29. Kd2 h5 30. Ke2 Ng6 31. Ke3 Nf4 32. Rh2 e5 33.
Be2 d5 34. Bf3 d4+ 35. Kd2 Bc8 36. Bg2 Kf6 37. Bf1 Bb7 38. Bd3 Bc8 39. Bf1 Bb7
40. Bd3 Bc8 41. Bf1 Bb7 1/2-1/2

[Event "SR 3. liga A2 2018/2019"]
[Site "?"]
[Date "2018.10.07"]
[Round "1.5"]
[White "Jakubec, Milan"]
[Black "Kir, Kvetoslav"]
[Result "1-0"]
[WhiteElo "2021"]
[BlackElo "1809"]
[PlyCount "72"]
[EventDate "2018.??.??"]

1. e4 Nf6 2. e5 Nd5 3. d4 d6 4. Nf3 g6 5. Bc4 Nb6 6. Bb3 Bg7 7. exd6 cxd6 8. c3
O-O 9. O-O Nc6 10. Re1 Qc7 11. a4 e5 12. Na3 a6 13. Be3 Na5 14. dxe5 dxe5 15.
Bc2 Bg4 16. h3 Rad8 17. Qe2 Bxf3 18. Qxf3 Nac4 19. Nxc4 Nxc4 20. Bc1 Qb6 21.
Qe2 Nd6 22. a5 Qc6 23. Bg5 f6 24. Bb3+ Kh8 25. Be3 Nf5 26. Ba4 Qe6 27. Bb6 Rc8
28. Red1 Rf7 29. Rd3 Bf8 30. Rad1 Qc4 31. b3 Qh4 32. Rd8 Rxc3 33. Be8 Rg7 34.
Bd7 Rf7 35. Be6 Rxh3 36. gxh3 Qxh3 1-0

[Event "SR 3. liga A2 2018/2019"]
[Site "?"]
[Date "2018.10.07"]
[Round "1.5"]
[White "Kubik, Peter"]
[Black "Horak, Ivan"]
[Result "0-1"]
[WhiteElo "1833"]
[BlackElo "1996"]
[PlyCount "58"]
[EventDate "2018.??.??"]

1. e4 c5 2. d4 cxd4 3. c3 dxc3 4. Nxc3 d6 5. Nf3 e6 6. Bc4 Be7 7. O-O Nf6 8.
Qe2 Nc6 9. Rd1 e5 10. b4 Bg4 11. Nd5 O-O 12. Bb2 Rc8 13. a3 Bxf3 14. Qxf3 Nxb4
15. Nxf6+ Bxf6 16. Bxf7+ Rxf7 17. axb4 a6 18. Qb3 Qb6 19. Rac1 Rcf8 20. Bc3 Bh4
21. Be1 Bxf2+ 22. Bxf2 Qxf2+ 23. Kh1 Kh8 24. h3 h6 25. Rxd6 Qe2 26. Qd5 Kh7 27.
Qxe5 Rf1+ 28. Rxf1 Rxf1+ 29. Kh2 Qe1 0-1

[Event "SR 3. liga A2 2018/2019"]
[Site "?"]
[Date "2018.10.07"]
[Round "1.5"]
[White "Hirmajer, Jan"]
[Black "Lauko, Tomas"]
[Result "1/2-1/2"]
[WhiteElo "1909"]
[BlackElo "1711"]
[PlyCount "85"]
[EventDate "2018.??.??"]

1. c4 g6 2. Nc3 Bg7 3. g3 Nc6 4. Bg2 e6 5. Nf3 d5 6. cxd5 exd5 7. d4 Nf6 8. Bg5
Qd6 9. O-O Ne4 10. Nb5 Qd7 11. Bf4 Nd6 12. Nxd6+ cxd6 13. Qd2 O-O 14. Bh6 Qg4
15. Bxg7 Kxg7 16. Rac1 Re8 17. b4 a6 18. e3 Qh5 19. Ne1 Bg4 20. Nd3 Qg5 21. Nf4
h5 22. Nxd5 Rac8 23. Nc3 h4 24. Ne4 Qe7 25. d5 Ne5 26. f4 Rxc1 27. Rxc1 Nf3+
28. Bxf3 Bxf3 29. Qc3+ f6 30. Nxd6 Qxe3+ 31. Qxe3 Rxe3 32. Kf2 Ra3 33. gxh4
Bxd5 34. Rd1 Rxa2+ 35. Kg3 Bc6 36. Nxb7 f5 37. Rd6 Rg2+ 38. Kh3 Be4 39. Rxa6
Rg4 40. Ra2 Rg1 41. Nd6 Bf3 42. h5 Kh6 43. Rf2 1/2-1/2

[Event "SR 3. liga A2 2018/2019"]
[Site "?"]
[Date "2018.10.07"]
[Round "1.5"]
[White "Bendzela, Tibor"]
[Black "Zlamal, Marek"]
[Result "0-1"]
[WhiteElo "1669"]
[BlackElo "1847"]
[PlyCount "74"]
[EventDate "2018.??.??"]

1. e4 c5 2. d4 cxd4 3. Qxd4 Nc6 4. Qe3 e5 5. Nc3 Nf6 6. Bd2 d5 7. exd5 Nxd5 8.
Nxd5 Qxd5 9. h3 Bf5 10. Nf3 Bc5 11. Qg5 Bg6 12. Bb5 Bxf2+ 13. Kxf2 Qxb5 14.
Rhe1 O-O 15. Kg1 Qc5+ 16. Kh1 Qxc2 17. Bc3 f6 18. Qg3 Rfd8 19. Rac1 Qa4 20. h4
Qxa2 21. h5 Bxh5 22. Nh4 Rd7 23. Qh3 Qf7 24. Qg3 Rad8 25. Nf5 Bg6 26. Nh4 Ne7
27. Qf2 b6 28. Kh2 Qe6 29. Rh1 Qg4 30. Kg1 Rd1+ 31. Kh2 R1d3 32. Kg1 Be4 33.
Rf1 Rg3 34. Bxe5 fxe5 35. Qf7+ Kh8 36. Rh2 Ng8 37. Rc1 Rd2 0-1

[Event "SR 3. liga A2 2018/2019"]
[Site "?"]
[Date "2018.10.07"]
[Round "1.5"]
[White "Hrubos, Milan"]
[Black "Dest, Stanislav"]
[Result "1-0"]
[WhiteElo "1722"]
[BlackElo "1527"]
[PlyCount "105"]
[EventDate "2018.??.??"]

1. e4 e5 2. Nf3 Nc6 3. Bb5 a6 4. Ba4 Nf6 5. O-O d6 6. c3 b5 7. Bc2 Bg4 8. h3
Bh5 9. Re1 Be7 10. d3 h6 11. Be3 O-O 12. Nbd2 Re8 13. Nf1 Nb8 14. Ng3 Bg6 15.
Qd2 Bf8 16. a4 Nbd7 17. Nh2 Qc8 18. f4 exf4 19. Bxf4 Ne5 20. Bxe5 dxe5 21. Nf3
Bd6 22. Nh4 Bh7 23. Nhf5 Qd7 24. Rf1 Rf8 25. Nxh6+ Kh8 26. Nhf5 Rg8 27. Qg5 Qe6
28. axb5 a5 29. b4 a4 30. Bxa4 Bf8 31. Bb3 Qb6+ 32. Kh2 Rxa1 33. Rxa1 Bg6 34.
Bc4 Qb8 35. Ra6 Qe8 36. b6 cxb6 37. Rxb6 Nh7 38. Qh4 Bxf5 39. Nxf5 g6 40. Nd6
Bxd6 41. Rxd6 g5 42. Qh5 Rg7 43. Qg4 Nf8 44. Rh6+ Nh7 45. Qf5 g4 46. hxg4 Qe7
47. Rh5 Kg8 48. Qxe5 Qd7 49. Qf5 Qd6+ 50. e5 Qe7 51. e6 f6 52. Qc5 Qb7 53. e7+
1-0

[Event "SR 3. liga A2 2018/2019"]
[Site "?"]
[Date "2018.10.07"]
[Round "1.6"]
[White "Koutny, Petr"]
[Black "Kalmar, Tamas"]
[Result "1-0"]
[WhiteElo "2203"]
[BlackElo "2099"]
[PlyCount "77"]
[EventDate "2018.??.??"]

1. e4 e6 2. d4 d5 3. e5 c5 4. c3 Nc6 5. Nf3 Qb6 6. Be2 cxd4 7. cxd4 Nge7 8. Na3
Nf5 9. Nc2 Bd7 10. O-O Rc8 11. h4 Be7 12. g3 h5 13. Kg2 Nb4 14. Nxb4 Qxb4 15.
a4 Qa5 16. Bg5 Qb4 17. Bxe7 Nxe7 18. Bd3 Nc6 19. Bc2 g6 20. Qd3 Qc4 21. Qd2 Qb4
22. Qf4 Qe7 23. Bd3 a6 24. Ra3 Nb4 25. Bb1 a5 26. Ng5 b6 27. Rf3 Rf8 28. Nxf7
Bxa4 29. Bxg6 Kd7 30. b3 Bb5 31. Rd1 Be2 32. Rd2 Bxf3+ 33. Qxf3 Nc6 34. Qxh5
Rg8 35. Qh7 Qf8 36. h5 b5 37. f4 Kc7 38. Ng5+ Rg7 39. Qxg7+ 1-0